00282nam a22001097a 4500020001500000040000900015082001300024100002200037245005600059260003100115650002600146 a9690009311 cNUST a297bNAZ aSyed Nazar Zaidi  aAzeem Kaum Ki Kahani:bBacho Ka Leya Tareeh Islam  aLahore:bFerozsons,c2010. aIslamic Children Book